[Event "NW Regional Scholastic Championships"]
[Site "Chess.com"]
[Date "2020.05.16"]
[Round "?"]
[White "vaijo1"]
[Black "sillymili"]
[Result "1/2-1/2"]
[WhiteElo "1000"]
[BlackElo "986"]
[PlyCount "197"]
[EventDate "2020.??.??"]

1. e4 e5 2. Nf3 Nc6 3. Bc4 Nh6 4. O-O d6 5. h3 Nd4 6. Nxd4 exd4 7. Re1 Be6 8.
e5 Bxc4 9. exd6+ Kd7 10. Na3 Be6 11. Nb5 cxd6 12. Nxd4 Nf5 13. Nxe6 fxe6 14.
Qe2 Qe8 15. Qb5+ Kd8 16. Qxb7 Rc8 17. Re4 d5 18. Ra4 Nd6 19. Qxa7 Qd7 20. Qb6+
Qc7 21. Qe3 Nb5 22. Qxe6 Bd6 23. d3 Bh2+ 24. Kf1 Qxc2 25. Bg5+ Kc7 26. Bf4+ Kb7
27. Bxh2 Ra8 28. Qxd5+ Qc6 29. Qf7+ Kb6 30. Rc4 Qe8 31. Qd5 Ka7 32. Ra4+ Kb6
33. Rxa8 Qxa8 34. Qxa8 Rxa8 35. Rd1 Rxa2 36. d4 Rxb2 37. d5 Kc5 38. g3 Nc3 39.
d6 Rb8 40. Rd3 Nb5 41. d7 Rd8 42. f4 Nd6 43. Bg1+ Kc4 44. Rd4+ Kc5 45. Rd1+ Kc6
46. Bb6 Kxb6 47. Rd4 Kc7 48. g4 Rxd7 49. f5 g6 50. fxg6 hxg6 51. h4 Rf7+ 52.
Ke2 Rh7 53. h5 gxh5 54. gxh5 Rxh5 55. Rd3 Ne4 56. Rd4 Nc3+ 57. Kd3 Nb5 58. Rc4+
Kb6 59. Rc3 Rh3+ 60. Kc2 Nxc3 61. Kb3 Nb1+ 62. Kb2 Rh1 63. Kc2 Na3+ 64. Kb3
Rh3+ 65. Ka2 Nc2 66. Kb2 Rh2 67. Kc1 Ka5 68. Kd1 Ka4 69. Kc1 Ka3 70. Kd1 Kb3
71. Kc1 Kc3 72. Kb1 Kd2 73. Ka2 Nb4+ 74. Kb2 Kd3+ 75. Ka3 Rh4 76. Kb2 Rh2+ 77.
Ka3 Nc2+ 78. Ka4 Rh4+ 79. Kb5 Nd4+ 80. Kc5 Rh5+ 81. Kd6 Nf5+ 82. Ke6 Ke4 83.
Kf6 Kf4 84. Ke6 Rh6+ 85. Kd5 Rd6+ 86. Kc5 Ke5 87. Kc4 Rd4+ 88. Kc5 Ne7 89. Kb6
Nd5+ 90. Kc6 Nb4+ 91. Kc5 Ke4 92. Kb5 Nd5 93. Kc5 Ke5 94. Kc6 Rc4+ 95. Kb5 Rb4+
96. Kc5 Rb6 97. Kc4 Rb4+ 98. Kc5 Nc3 99. Kxb4 1/2-1/2

[Event "NW Regional Scholastic Championships"]
[Site "Chess.com"]
[Date "2020.05.16"]
[Round "?"]
[White "sillymili"]
[Black "ShirtTM"]
[Result "0-1"]
[WhiteElo "986"]
[BlackElo "906"]
[PlyCount "30"]
[EventDate "2020.??.??"]

1. e4 c5 2. Nc3 d6 3. Nb1 Nf6 4. c4 g6 5. Qa4+ Nc6 6. g3 Bg7 7. Bg2 O-O 8. f3
Nd4 9. Bf1 Bd7 10. Qa3 Nc2+ 11. Kd1 Nxa3 12. Nxa3 Ba4+ 13. b3 Bc6 14. Nb5 Nxe4
15. Bd3 Nf2+ 0-1

[Event "NW Regional Scholastic Championships"]
[Site "Chess.com"]
[Date "2020.05.16"]
[Round "?"]
[White "QueenTraitor"]
[Black "sillymili"]
[Result "1-0"]
[WhiteElo "1200"]
[BlackElo "986"]
[PlyCount "39"]
[EventDate "2020.??.??"]

1. e4 e5 2. Nf3 Nc6 3. Nc3 Nf6 4. Bc4 Ng8 5. d3 Nh6 6. Bg5 f6 7. Be3 Bb4 8. Qe2
Bxc3+ 9. Bd2 Bxd2+ 10. Qxd2 Nd4 11. Nxd4 exd4 12. O-O-O f5 13. exf5 Nxf5 14.
Qe2+ Ne7 15. Qh5+ Ng6 16. Qf3 Rf8 17. Qe2+ Ne7 18. Qh5+ g6 19. Qxh7 Rf7 20.
Qxf7# 1-0

[Event "NW Regional Scholastic Championships"]
[Site "Chess.com"]
[Date "2020.05.16"]
[Round "?"]
[White "benedeta"]
[Black "Puggy321"]
[Result "1/2-1/2"]
[WhiteElo "1000"]
[BlackElo "1106"]
[PlyCount "74"]
[EventDate "2020.??.??"]

1. Nf3 d5 2. d4 Nc6 3. g3 f6 4. Bg2 e5 5. c3 Bg4 6. Nh4 g5 7. Nf3 Bxf3 8. Bxf3
Qd7 9. Bh5+ Kd8 10. Qd3 e4 11. Qb5 Qf5 12. Qxb7 Rb8 13. Qa6 Qd7 14. c4 Bb4+ 15.
Bd2 Bxd2+ 16. Nxd2 Nge7 17. cxd5 Rb6 18. Qc4 Qf5 19. dxc6 Rxc6 20. Qf7 e3 21.
fxe3 Nd5 22. e4 Qd7 23. Qxd7+ Kxd7 24. Bg4+ Kd8 25. exd5 Rd6 26. e4 Rf8 27. Nc4
Rd7 28. Bxd7 Kxd7 29. O-O-O Rc8 30. e5 c5 31. e6+ Ke7 32. Na5 Kd6 33. Nc6 cxd4
34. e7 f5 35. Rde1 Kxd5 36. Re5+ Kxc6 37. Re6+ Kd7+ 1/2-1/2

[Event "NW Regional Scholastic Championships"]
[Site "Chess.com"]
[Date "2020.05.16"]
[Round "?"]
[White "QueenTraitor"]
[Black "benedeta"]
[Result "1-0"]
[WhiteElo "1200"]
[BlackElo "1000"]
[PlyCount "143"]
[EventDate "2020.??.??"]

1. e4 e5 2. Nf3 Nc6 3. Nc3 Nf6 4. Bc4 b6 5. d3 Bb7 6. Bg5 Be7 7. Bxf6 Bxf6 8.
Nd5 Na5 9. Bb5 Bc6 10. Bxc6 Nxc6 11. Nxf6+ gxf6 12. O-O Qe7 13. c4 O-O-O 14.
Qa4 f5 15. exf5 Qf6 16. Qa6+ Kb8 17. Rae1 Rhg8 18. Re4 Qg7 19. Nh4 Nb4 20. Qa3
Nc2 21. Qc3 Nd4 22. Rfe1 Nxf5 23. R1e3 Nxh4 24. Rg3 Ng6 25. Qd2 f5 26. Rh4 f4
27. Rgg4 Qf6 28. Rxh7 Ne7 29. Rxg8 Rxg8 30. Qe2 Qg6 31. g3 Qxh7 32. Qxe5 Ng6
33. Qg5 Rh8 34. Kf1 Ne7 35. h4 Nf5 36. Qxf4 Qh6 37. Qxh6 Nxh6 38. Kg2 Ng4 39.
f3 Ne3+ 40. Kh3 Nf5 41. g4 Nd4 42. f4 Nf3 43. Kg3 Ne1 44. g5 Nxd3 45. h5 Rxh5
46. Kg4 Rh7 47. g6 Rh6 48. f5 Nf2+ 49. Kg5 Rh8 50. g7 Rg8 51. f6 Ne4+ 52. Kg6
Nd6 53. Kh7 Re8 54. g8=Q Rf8 55. Qxf8+ Kb7 56. Qe7 Nf5 57. Qxd7 Ka6 58. Qb5+
Kb7 59. f7 Nd6 60. Qd7 Nxf7 61. Qxf7 Ka6 62. Qxc7 Ka5 63. Qxa7+ Kb4 64. Qxb6+
Kxc4 65. b3+ Kd3 66. Qd6+ Kc2 67. b4 Kb2 68. a4 Kb3 69. a5 Ka4 70. a6 Kb5 71.
a7 Ka4 72. a8=Q+ 1-0

[Event "NW Regional Scholastic Championships"]
[Site "Chess.com"]
[Date "2020.05.16"]
[Round "?"]
[White "benedeta"]
[Black "RespectFoxy"]
[Result "1-0"]
[WhiteElo "1000"]
[BlackElo "1200"]
[PlyCount "69"]
[EventDate "2020.??.??"]

1. e4 Nc6 2. Nf3 Nf6 3. Nc3 e5 4. Bd3 d5 5. exd5 Nxd5 6. Nxd5 Qxd5 7. b3 e4 8.
Bc4 Qd6 9. Ng5 Nd4 10. Nxe4 Nxc2+ 11. Kf1 Qg6 12. Qxc2 Bf5 13. f3 O-O-O 14. d3
Qg5 15. Bxg5 Rd7 16. Bb5 Rd5 17. Nc3 Rc5 18. Bd2 Be7 19. Qb2 Bf6 20. Qa3 Rxb5
21. Nxb5 Bxa1 22. Bc3 Bxd3+ 23. Kf2 Bxc3 24. Nxc3 Re8 25. Re1 Rd8 26. Re3 Bf5
27. Qe7 Rd2+ 28. Ke1 Rd7 29. Qe8+ Rd8 30. Qxf7 a5 31. Qxf5+ Kb8 32. Qxa5 b6 33.
Qa6 c6 34. Re7 Rd6 35. Qb7# 1-0

[Event "NW Regional Scholastic Championships"]
[Site "Chess.com"]
[Date "2020.05.16"]
[Round "?"]
[White "ShirtTM"]
[Black "benedeta"]
[Result "1-0"]
[WhiteElo "906"]
[BlackElo "1000"]
[PlyCount "67"]
[EventDate "2020.??.??"]

1. e4 e5 2. Nf3 Nc6 3. Bb5 Nf6 4. d3 a6 5. Bxc6 dxc6 6. Nc3 Bb4 7. O-O Bxc3 8.
bxc3 O-O 9. Bg5 h6 10. Bh4 g5 11. Bg3 Bg4 12. Qd2 Bxf3 13. gxf3 Nh5 14. Bxe5 f6
15. Bg3 Nxg3 16. fxg3 Qd6 17. f4 gxf4 18. gxf4 Rae8 19. Qg2+ Kh7 20. Rae1 Qc5+
21. Kh1 Rg8 22. Qh3 Rg7 23. Qf5+ Kh8 24. Qxc5 Reg8 25. Rg1 Rxg1+ 26. Rxg1 Rxg1+
27. Kxg1 b6 28. Qf8+ Kh7 29. Qxf6 Kg8 30. e5 Kh7 31. e6 h5 32. e7 Kg8 33. e8=Q+
Kh7 34. Qef7# 1-0

[Event "NW Regional Scholastic Championships"]
[Site "Chess.com"]
[Date "2020.05.16"]
[Round "?"]
[White "benedeta"]
[Black "SC_rnbqkbnr"]
[Result "1-0"]
[WhiteElo "1000"]
[BlackElo "1200"]
[PlyCount "67"]
[EventDate "2020.??.??"]

1. e4 e6 2. Bc4 Nc6 3. d3 Bc5 4. Nf3 Nf6 5. Bf4 Qe7 6. Nc3 Nb4 7. O-O O-O 8. b3
d5 9. exd5 exd5 10. Bxd5 Nfxd5 11. Nxd5 Nxd5 12. c4 Nxf4 13. g4 Ne2+ 14. Kg2
Bxg4 15. h3 Bf5 16. Re1 Nc3 17. Qd2 Ne2 18. Rxe2 Qf6 19. Re5 Qd6 20. Rxf5 f6
21. Rd5 Qb6 22. d4 Bd6 23. c5 Qb5 24. Qc2 g6 25. Qe4 Rfe8 26. cxd6 cxd6 27.
Qxe8+ Rxe8 28. Rxb5 Re2 29. Rxb7 Re4 30. Rc1 Re8 31. Rcc7 Kf8 32. Rf7+ Kg8 33.
Rg7+ Kf8 34. Rbf7# 1-0

[Event "NW Regional Scholastic Championships"]
[Site "Chess.com"]
[Date "2020.05.16"]
[Round "?"]
[White "SourBusyBeach"]
[Black "mmguchi"]
[Result "0-1"]
[WhiteElo "1200"]
[BlackElo "1304"]
[PlyCount "154"]
[EventDate "2020.??.??"]

1. e3 e5 2. Nf3 Nc6 3. Nc3 Nf6 4. Bb5 Bd6 5. Bxc6 dxc6 6. O-O O-O 7. d3 Be6 8.
Ne4 Nxe4 9. dxe4 Qe7 10. Nd2 Rfd8 11. Qe2 c5 12. b3 Qd7 13. a4 Bg4 14. Qc4 Qe6
15. Qxe6 Bxe6 16. c4 b6 17. Nf3 h6 18. Rb1 Bg4 19. Nh4 Be7 20. Nf5 Bxf5 21.
exf5 Bd6 22. e4 a5 23. f4 exf4 24. Bxf4 Bxf4 25. Rxf4 Re8 26. Re1 g5 27. Rg4 f6
28. Rd1 Re7 29. Re1 h5 30. Rg3 h4 31. Rg4 Kg7 32. e5 fxe5 33. g3 hxg3 34. hxg3
Kf6 35. Kh2 Rh8+ 36. Kg2 Kxf5 37. Kf3 e4+ 38. Rexe4 Rxe4 39. Rxe4 Rh3 40. Ke3
Rxg3+ 41. Kf2 Rg4 42. Re3 Kf4 43. Rf3+ Ke4 44. Re3+ Kf5 45. Kf3 Rh4 46. Re7
Rh3+ 47. Kg2 Rxb3 48. Rxc7 Rb4 49. Rb7 Kf4 50. Kf2 Rxc4 51. Ke2 Rxa4 52. Rxb6
c4 53. Rc6 Rb4 54. Rc5 a4 55. Kd1 g4 56. Kc1 Kf3 57. Kc2 a3 58. Kc3 Ra4 59.
Rf5+ Kg3 60. Rb5 Kg2 61. Rb1 g3 62. Ra1 Kf2 63. Kc2 g2 64. Kb1 g1=Q+ 65. Ka2
Qg2 66. Rb1 Kf3+ 67. Ka1 c3 68. Rc1 c2 69. Ka2 Qd2 70. Rh1 c1=Q+ 71. Kb3 Qxh1
72. Kxa4 Qd3 73. Ka5 Qe4 74. Kb5 Qh5+ 75. Kb6 Qeg6+ 76. Kc7 Qhh7+ 77. Kd8 Qgg8#
0-1

[Event "NW Regional Scholastic Championships"]
[Site "Chess.com"]
[Date "2020.05.16"]
[Round "?"]
[White "mmguchi"]
[Black "joshuavangorkom"]
[Result "0-1"]
[WhiteElo "1304"]
[BlackElo "800"]
[PlyCount "32"]
[EventDate "2020.??.??"]

1. e4 Nf6 2. Nc3 Nc6 3. Nf3 d5 4. e5 Ng4 5. Bb5 a6 6. Bxc6+ bxc6 7. d4 e6 8.
O-O c5 9. dxc5 Bxc5 10. Bg5 f6 11. exf6 gxf6 12. Bd2 d4 13. Ne4 Qd5 14. Nxc5
Qxc5 15. Be1 Qh5 16. Nxd4 Qxh2# 0-1

[Event "NW Regional Scholastic Championships"]
[Site "Chess.com"]
[Date "2020.05.16"]
[Round "?"]
[White "BigRoyalBull"]
[Black "mmguchi"]
[Result "1-0"]
[WhiteElo "800"]
[BlackElo "1304"]
[PlyCount "93"]
[EventDate "2020.??.??"]

1. e4 e5 2. Nf3 Nc6 3. Nc3 Nf6 4. Bb5 Bd6 5. O-O Nd4 6. Nxd4 exd4 7. Ne2 Be5 8.
d3 O-O 9. c3 dxc3 10. Nxc3 d6 11. Bc4 Bg4 12. f3 Be6 13. Nd5 Nxd5 14. Bxd5 c6
15. Bxe6 fxe6 16. Be3 Qf6 17. d4 Bf4 18. Bxf4 Qxf4 19. Qc1 Qf6 20. d5 exd5 21.
exd5 cxd5 22. Qc7 Qd4+ 23. Kh1 Qb6 24. Qxb6 axb6 25. g4 g6 26. f4 g5 27. fxg5
Rxf1+ 28. Rxf1 Kg7 29. Rd1 Rxa2 30. Rxd5 Rxb2 31. Rxd6 b5 32. Rb6 Rb1+ 33. Kg2
Rb2+ 34. Kh3 Rb3+ 35. Kh4 Rb2 36. h3 Rb3 37. Rxb7+ Kg6 38. Rb6+ Kg7 39. Kh5 b4
40. h4 Rb1 41. Rh6 b3 42. g6 b2 43. gxh7 Rc1 44. h8=Q+ Kf7 45. Rg6 b1=Q 46.
Qh7+ Ke8 47. Rg8# 1-0

[Event "NW Regional Scholastic Championships"]
[Site "Chess.com"]
[Date "2020.05.16"]
[Round "?"]
[White "mmguchi"]
[Black "joshuango"]
[Result "0-1"]
[WhiteElo "1304"]
[BlackElo "1270"]
[PlyCount "124"]
[EventDate "2020.??.??"]

1. e4 e5 2. Nf3 Nc6 3. Nc3 Nf6 4. Bb5 Bc5 5. Bxc6 dxc6 6. Nxe5 O-O 7. d3 Bb4 8.
Bd2 Bg4 9. f3 Be6 10. O-O Qd4+ 11. Rf2 Qxe5 12. Ne2 Bd6 13. Bc3 Qxh2+ 14. Kf1
Qh1+ 15. Ng1 Nh5 16. Ke2 Ng3+ 17. Ke3 Bc5+ 18. d4 Qh6+ 19. Kd3 Bd6 20. e5 Be7
21. Bd2 Bg5 22. Bxg5 Qxg5 23. Qd2 Qxd2+ 24. Rxd2 Rad8 25. Ne2 Nf5 26. Ke4 Ne7
27. Nf4 Bd5+ 28. Nxd5 Nxd5 29. c4 Ne7 30. f4 c5 31. Rad1 Nc6 32. d5 Nb4 33. a3
Na2 34. b3 Nc3+ 35. Kd3 Nxd1 36. Rxd1 b5 37. cxb5 Rxd5+ 38. Ke2 Rxd1 39. Kxd1
Rd8+ 40. Ke2 Rd4 41. Ke3 g6 42. g4 f5 43. gxf5 gxf5 44. a4 Re4+ 45. Kf3 h5 46.
Kg3 h4+ 47. Kxh4 Rxf4+ 48. Kg5 Rg4+ 49. Kxf5 Rg1 50. Kf6 Kf8 51. Ke6 Rb1 52.
Kd7 Rxb3 53. e6 Rd3+ 54. Kxc7 Re3 55. Kc6 c4 56. b6 axb6 57. Kxb6 c3 58. a5
Rxe6+ 59. Kb7 c2 60. a6 c1=Q 61. a7 Qb1+ 62. Ka8 Re8# 0-1

[Event "NW Regional Scholastic Championships"]
[Site "Chess.com"]
[Date "2020.05.16"]
[Round "?"]
[White "Tbnrfrags7245"]
[Black "duckhole10"]
[Result "1-0"]
[WhiteElo "531"]
[BlackElo "1005"]
[PlyCount "57"]
[EventDate "2020.??.??"]

1. e4 e5 2. Nf3 Nc6 3. Nc3 Nf6 4. Bc4 Ng4 5. d4 Na5 6. O-O Nxc4 7. Nxe5 Ngxe5
8. dxe5 Nxe5 9. Qd5 Bd6 10. Bf4 Ng6 11. Bxd6 cxd6 12. Qxd6 Qe7 13. Qd4 Qg5 14.
Qxg7 d6 15. f4 Qg4 16. h3 Qg3 17. Rf3 Qh4 18. Nd5 Be6 19. g3 Qxh3 20. Nc7+ Ke7
21. Nxa8 Rxa8 22. f5 Qg4 23. fxe6 Qxf3 24. Qxh7 Qxg3+ 25. Kf1 Qf3+ 26. Ke1 Qe3+
27. Kf1 Nf4 28. Qxf7+ Kd8 29. Qd7# 1-0

[Event "NW Regional Scholastic Championships"]
[Site "Chess.com"]
[Date "2020.05.16"]
[Round "?"]
[White "JimBobBRK"]
[Black "Tbnrfrags7245"]
[Result "1-0"]
[WhiteElo "892"]
[BlackElo "531"]
[PlyCount "71"]
[EventDate "2020.??.??"]

1. e3 e5 2. Nf3 Nc6 3. Nc3 d5 4. d4 exd4 5. exd4 Nf6 6. Bg5 Bg4 7. h3 Bxf3 8.
Qxf3 Nxd4 9. Qd3 Bc5 10. b4 Bb6 11. a4 c5 12. a5 Bc7 13. bxc5 Bb6 14. cxb6 axb6
15. Qxd4 Qd6 16. Bb5+ Nd7 17. O-O-O f6 18. Rhe1+ Kd8 19. Qxb6+ Nxb6 20. axb6
fxg5 21. Rxd5 Qxd5 22. Nxd5 Ra5 23. c4 Re8 24. Rd1 Ra1+ 25. Kc2 Rxd1 26. Kxd1
Re4 27. f3 Rd4+ 28. Kc2 h5 29. g3 g4 30. Kc3 gxf3 31. Kxd4 f2 32. Ne3 g5 33.
Kd3 g4 34. hxg4 hxg4 35. Ke2 Ke7 36. Kxf2 1-0

[Event "NW Regional Scholastic Championships"]
[Site "Chess.com"]
[Date "2020.05.16"]
[Round "?"]
[White "SourBusyBeach"]
[Black "Tbnrfrags7245"]
[Result "1-0"]
[WhiteElo "1200"]
[BlackElo "531"]
[PlyCount "95"]
[EventDate "2020.??.??"]

1. e4 e5 2. Nf3 Nc6 3. Nc3 Nf6 4. Bb5 d5 5. Bxc6+ bxc6 6. exd5 cxd5 7. Nxe5 d4
8. Ne2 Bg4 9. Nc6 Qd6 10. Ncxd4 Qxd4 11. Nxd4 Bxd1 12. Kxd1 Ne4 13. Ke1 Bc5 14.
c3 Bxd4 15. cxd4 O-O 16. d3 Ng5 17. Bxg5 f6 18. Bf4 Rfd8 19. Bxc7 Rxd4 20. Rc1
Rxd3 21. Ke2 Rd7 22. a4 Rc8 23. Ba5 Rxc1 24. Rxc1 Rd5 25. Bc7 Rd7 26. Bg3 g5
27. Rc8+ Kf7 28. Rc1 h5 29. Rb1 Re7+ 30. Kf1 f5 31. Bd6 Re6 32. Bc5 g4 33. g3
Re5 34. b4 a5 35. Bd4 Re4 36. Bh8 axb4 37. a5 Kg8 38. Bb2 f4 39. gxf4 Rxf4 40.
Bc1 Rc4 41. a6 Rd4 42. a7 Rd1+ 43. Ke2 Rd8 44. Ra1 Ra8 45. f3 Re8+ 46. Kf2 Ra8
47. fxg4 hxg4 48. Kg3 1-0

[Event "NW Regional Scholastic Championships"]
[Site "Chess.com"]
[Date "2020.05.16"]
[Round "?"]
[White "Tbnrfrags7245"]
[Black "SC_rnbqkbnr"]
[Result "1-0"]
[WhiteElo "531"]
[BlackElo "1200"]
[PlyCount "97"]
[EventDate "2020.??.??"]

1. e4 e6 2. Nf3 Nc6 3. Bc4 Bc5 4. d4 Bb4+ 5. Bd2 Bxd2+ 6. Qxd2 Qf6 7. e5 Qe7 8.
Qg5 Qxg5 9. Nxg5 f6 10. exf6 gxf6 11. Nf3 e5 12. d5 Na5 13. Bd3 d6 14. Nc3 Nh6
15. Nb5 Kd8 16. Nh4 Bd7 17. Nc3 Bc6 18. dxc6 bxc6 19. Ne4 f5 20. Nf6 Rf8 21.
Nxf5 Nxf5 22. Bxf5 Rxf6 23. Bxh7 Rb8 24. O-O Rxb2 25. Rab1 Rxc2 26. Rb8+ Kd7
27. Bxc2 Re6 28. Bb3 Re7 29. h4 c5 30. g4 c4 31. Bc2 Rg7 32. Ba4+ c6 33. f3
Rxg4+ 34. fxg4 c3 35. Rc1 Kc7 36. Rxc3 Kxb8 37. g5 Nb7 38. Bxc6 Nd8 39. g6 Ne6
40. h5 a5 41. h6 Nf8 42. g7 Ng6 43. g8=Q+ Kc7 44. Qxg6 Kb6 45. h7 Ka6 46. h8=Q
Kb6 47. Qb8+ Ka6 48. Rb3 e4 49. Qb6# 1-0

[Event "NW Regional Scholastic Championships"]
[Site "Chess.com"]
[Date "2020.05.16"]
[Round "?"]
[White "Tbnrfrags7245"]
[Black "samsamkozaczuk"]
[Result "0-1"]
[WhiteElo "531"]
[BlackElo "816"]
[PlyCount "70"]
[EventDate "2020.??.??"]

1. e4 e5 2. Nf3 Nc6 3. d4 d6 4. dxe5 dxe5 5. Qxd8+ Nxd8 6. Nxe5 f6 7. Nf3 Bg4
8. Be2 Nc6 9. Nc3 Bb4 10. Bd2 O-O-O 11. O-O-O g6 12. Nd5 Bxd2+ 13. Rxd2 Be6 14.
Nf4 Bg4 15. Nh4 g5 16. Ne6 Bxe6 17. Nf5 Bxa2 18. Rxd8+ Kxd8 19. Rd1+ Ke8 20.
Ng7+ Kf7 21. Nf5 Be6 22. b3 Bxf5 23. exf5 Nh6 24. Bc4+ Ke7 25. Be6 Rd8 26. Rxd8
Nxd8 27. c4 Nxe6 28. fxe6 Kxe6 29. g3 f5 30. f4 gxf4 31. gxf4 Ng4 32. h3 Nf2
33. h4 h5 34. Kd2 Ne4+ 35. Ke3 c6 0-1

[Event "NW Regional Scholastic Championships"]
[Site "Chess.com"]
[Date "2020.05.16"]
[Round "?"]
[White "Westhowe"]
[Black "samsamkozaczuk"]
[Result "0-1"]
[WhiteElo "800"]
[BlackElo "816"]
[PlyCount "26"]
[EventDate "2020.??.??"]

1. e4 e5 2. c3 Nf6 3. d4 Nxe4 4. dxe5 f6 5. f3 Nc5 6. b4 Ne6 7. Bc4 fxe5 8. g3
Nc6 9. f4 exf4 10. gxf4 Qh4+ 11. Kf1 Nxf4 12. Nf3 Qh3+ 13. Kg1 Qg2# 0-1

[Event "NW Regional Scholastic Championships"]
[Site "Chess.com"]
[Date "2020.05.16"]
[Round "?"]
[White "Westhowe"]
[Black "SC_rnbqkbnr"]
[Result "0-1"]
[WhiteElo "800"]
[BlackElo "1200"]
[PlyCount "106"]
[EventDate "2020.??.??"]

1. d4 e6 2. c3 Qf6 3. h4 Nc6 4. Bg5 Qf5 5. Nd2 h6 6. Be3 d5 7. Ngf3 e5 8. g4
Qxg4 9. Rg1 Qf5 10. b3 exd4 11. cxd4 Bb4 12. a3 Bc3 13. Rc1 Bb2 14. Rb1 Bc3 15.
b4 Nf6 16. Rb3 Ba1 17. Qxa1 Nh5 18. Qd1 Be6 19. Bg5 f6 20. Be3 g5 21. Nh2 Qg6
22. f4 O-O 23. f5 Bxf5 24. b5 Na5 25. Rg2 Nxb3 26. Nxb3 Rae8 27. Nd2 Rxe3 28.
Nhf3 g4 29. Ng1 Rfe8 30. Rf2 Rxa3 31. Qc1 Rae3 32. Bg2 Ng3 33. Bxd5+ Kf8 34.
Nc4 R3e7 35. e3 Bd3 36. Rd2 Rxe3+ 37. Nxe3 Rxe3+ 38. Ne2 Nxe2 39. Qd1 Qf5 40.
Rxd3 Rxd3 41. Qxe2 Rxd4 42. Bb3 g3 43. Bc2 Qf4 44. Bd3 Qd6 45. Qe3 Rxd3 46. Qe2
Qf4 47. Qxd3 g2 48. Qf1 Qxf1+ 49. Kd2 g1=Q 50. Kc3 Qf4 51. Kb3 Qge3+ 52. Kb2
Qff2+ 53. Ka1 Qee1# 0-1

[Event "NW Regional Scholastic Championships"]
[Site "Chess.com"]
[Date "2020.05.16"]
[Round "?"]
[White "TitanSlayer7801"]
[Black "Westhowe"]
[Result "0-1"]
[WhiteElo "922"]
[BlackElo "800"]
[PlyCount "86"]
[EventDate "2020.??.??"]

1. e4 e5 2. Nf3 d5 3. Bb5+ Bd7 4. O-O Bxb5 5. d3 dxe4 6. Bg5 exf3 7. Bxd8 Kxd8
8. Qxf3 e4 9. dxe4 Bxf1 10. Kxf1 c5 11. c4 Nc6 12. Nc3 Nb4 13. Rd1+ Ke8 14. e5
f6 15. exf6 gxf6 16. Qe3+ Be7 17. Nd5 Rd8 18. Nxf6+ Nxf6 19. Re1 Rg8 20. g4
Rxg4 21. f3 Rxc4 22. Qb3 Rf4 23. Re3 Nbd5 24. Rd3 c4 25. Qb5+ Nd7 26. Rxd5
Rxf3+ 27. Kg2 Rf6 28. b3 cxb3 29. axb3 Rg6+ 30. Kf3 Rb6 31. Qa4 Rd6 32. Ra5 b6
33. Rxa7 Rf6+ 34. Kg4 h6 35. Kh5 Bd6 36. Qe4+ Be7 37. Qh7 Rf7 38. Qxh6 b5 39.
Qh8+ Rf8 40. Qc3 Bf6 41. Qe3+ Ne5 42. Qb6 Rh8+ 43. Rh7 Rxh7# 0-1

[Event "NW Regional Scholastic Championships"]
[Site "Chess.com"]
[Date "2020.05.16"]
[Round "?"]
[White "mmguchi"]
[Black "Westhowe"]
[Result "1-0"]
[WhiteElo "1304"]
[BlackElo "800"]
[PlyCount "61"]
[EventDate "2020.??.??"]

1. e4 d5 2. exd5 Qxd5 3. Nc3 Qf5 4. Nf3 Qd7 5. Bb5 c6 6. Bc4 b5 7. Be2 b4 8.
Ne5 Qd8 9. Na4 f6 10. Nf3 Na6 11. d4 e5 12. dxe5 fxe5 13. Qxd8+ Kxd8 14. Nxe5
Nc7 15. Nxc6+ Ke8 16. Nd4 Rb8 17. Bf4 Na8 18. Bxb8 b3 19. cxb3 g5 20. Bxa7 Bg7
21. Bh5+ Kf8 22. O-O Bxd4 23. Bxd4 Nh6 24. Bxh8 Kg8 25. Bf6 Bd7 26. Bxg5 Nf7
27. Bxf7+ Kxf7 28. Nc5 Be6 29. Nxe6 Nc7 30. Nxc7 h5 31. Rfe1 1-0

[Event "NW Regional Scholastic Championships"]
[Site "Chess.com"]
[Date "2020.05.16"]
[Round "?"]
[White "Westhowe"]
[Black "RespectFoxy"]
[Result "1/2-1/2"]
[WhiteElo "800"]
[BlackElo "1200"]
[PlyCount "144"]
[EventDate "2020.??.??"]

1. e4 Nc6 2. d4 Nf6 3. Nf3 d6 4. Nc3 e5 5. dxe5 dxe5 6. Qd7+ Bxd7 7. Na4 Nd4 8.
Nxd4 exd4 9. c3 Bxa4 10. b3 Bc6 11. Bb5 Bxb5 12. c4 Bb4+ 13. Bd2 Bxd2+ 14. Kxd2
Bc6 15. b4 Bxe4 16. Rae1 O-O 17. f3 Re8 18. fxe4 Nxe4+ 19. Rxe4 Rxe4 20. Re1
Rf4 21. g3 Rf2+ 22. Re2 d3 23. Rxf2 a5 24. bxa5 Rxa5 25. h4 Rxa2+ 26. Ke3 Qe8+
27. Kf3 d2 28. Rf1 Ra3+ 29. Kf2 Qe3+ 30. Kg2 Qe2+ 31. Rf2 d1=Q 32. Rxe2 Qd2 33.
Rxd2 b6 34. Rb2 Ra4 35. g4 Rxc4 36. Kf3 g6 37. Ke2 f5 38. gxf5 gxf5 39. Kd3 Rc5
40. Kd4 f4 41. Ke4 Rc4+ 42. Kd3 Ra4 43. Kc3 Ra6 44. Kb3 c6 45. h5 c5 46. h6 b5
47. Rg2+ Kf7 48. Rc2 c4+ 49. Kb4 Ra4+ 50. Kxb5 Ra3 51. Kxc4 Rg3 52. Kd4 f3 53.
Ke3 Rh3 54. Rc7+ Kg6 55. Rc6+ Kf7 56. Rc2 Kg6 57. Kf4 Kxh6 58. Kg4 f2 59. Rxf2
Rc3 60. Rf6+ Kg7 61. Rf5 Rc4+ 62. Rf4 Rxf4+ 63. Kxf4 h6 64. Kg4 Kg6 65. Kh4 h5
66. Kg3 Kg5 67. Kg2 h4 68. Kh1 Kg4 69. Kg2 h3+ 70. Kh1 Kg3 71. Kg1 h2+ 72. Kh1
Kh3 1/2-1/2

[Event "NW Regional Scholastic Championships"]
[Site "Chess.com"]
[Date "2020.05.16"]
[Round "?"]
[White "samsamkozaczuk"]
[Black "theboss95628"]
[Result "1-0"]
[WhiteElo "816"]
[BlackElo "1200"]
[PlyCount "59"]
[EventDate "2020.??.??"]

1. e4 e5 2. Nf3 Nc6 3. Bb5 Nf6 4. Nc3 Bb4 5. O-O O-O 6. Bxc6 dxc6 7. Nxe5 Qe7
8. d4 c5 9. Nf3 Bg4 10. e5 Qd7 11. exf6 gxf6 12. d5 c6 13. dxc6 Qxc6 14. h3 Bf5
15. Bd2 Bg6 16. a3 Ba5 17. Nd5 Qxd5 18. Bxa5 b6 19. Qxd5 bxa5 20. Rfe1 c4 21.
Qxc4 Rac8 22. Qh4 Rxc2 23. Qxf6 Rxb2 24. Ng5 Re8 25. Qxf7+ Kh8 26. Qf6+ Kg8 27.
Rxe8+ Bxe8 28. Qxb2 h6 29. Ne6 Bf7 30. Qg7# 1-0

[Event "NW Regional Scholastic Championships"]
[Site "Chess.com"]
[Date "2020.05.16"]
[Round "?"]
[White "theboss95628"]
[Black "duckhole10"]
[Result "0-1"]
[WhiteElo "1200"]
[BlackElo "1005"]
[PlyCount "80"]
[EventDate "2020.??.??"]

1. e4 e5 2. Nf3 Nc6 3. Bb5 Nf6 4. d4 Nxe4 5. O-O Ne7 6. Nxe5 c6 7. Ba4 Qa5 8.
b3 Qc3 9. Re1 Qa5 10. Rxe4 Qd5 11. f3 Qe6 12. c3 Rg8 13. f4 g5 14. h3 gxf4 15.
Rxf4 d6 16. g4 dxe5 17. dxe5 Qxe5 18. Na3 Nd5 19. Nc4 Qxc3 20. Bb2 Qg7 21. Rf5
Nc3 22. Bxc3 Qxc3 23. Rc1 Qg3+ 24. Kf1 Bxf5 25. Qd2 b5 26. Nd6+ Bxd6 27. Qxd6
Qxd6 28. Bxb5 Bd3+ 29. Bxd3 Qxd3+ 30. Ke1 Qg3+ 31. Kd1 Qg1+ 32. Kc2 Qxc1+ 33.
Kxc1 Rd8 34. Kb2 Rg5 35. a4 Re5 36. b4 Re3 37. a5 Rd2+ 38. Kc1 Rh2 39. Kd1 Ra3
40. Ke1 Ra1# 0-1

[Event "NW Regional Scholastic Championships"]
[Site "Chess.com"]
[Date "2020.05.16"]
[Round "?"]
[White "theboss95628"]
[Black "sillymili"]
[Result "0-1"]
[WhiteElo "1200"]
[BlackElo "986"]
[PlyCount "42"]
[EventDate "2020.??.??"]

1. e4 e5 2. Nf3 Nc6 3. d3 Nf6 4. Be2 d6 5. O-O Bg4 6. Qd2 Bxf3 7. Bxf3 d5 8.
exd5 Nxd5 9. Qg5 Qxg5 10. Bxg5 Nf6 11. Bxc6+ bxc6 12. Nc3 Bb4 13. Rae1 O-O 14.
Rxe5 Rfe8 15. Rf5 Re7 16. Ne4 Nxe4 17. dxe4 Rae8 18. e5 f6 19. exf6 Re1 20. h3
Bd6 21. Rxe1 Rxe1# 0-1

[Event "NW Regional Scholastic Championships"]
[Site "Chess.com"]
[Date "2020.05.16"]
[Round "?"]
[White "Eric-Erard"]
[Black "Stephenwilly"]
[Result "1-0"]
[WhiteElo "1634"]
[BlackElo "1509"]
[PlyCount "139"]
[EventDate "2020.??.??"]

1. e4 e5 2. Nf3 Nc6 3. Bb5 Bc5 4. Nc3 Nf6 5. O-O O-O 6. d3 a6 7. Bxc6 dxc6 8.
Nxe5 Bd6 9. Nf3 Bg4 10. h3 Bh5 11. Bg5 h6 12. Bh4 Bxf3 13. Qxf3 Be7 14. Rae1
Qd4 15. Bg3 b5 16. Rb1 Bd6 17. Ne2 Qc5 18. d4 Qh5 19. e5 Qxf3 20. gxf3 Nh5 21.
exd6 Nxg3 22. Nxg3 cxd6 23. Rbe1 Rfe8 24. Nf5 Red8 25. Ne7+ Kh7 26. Nxc6 Rdc8
27. d5 Re8 28. Re3 Rxe3 29. fxe3 Re8 30. e4 g6 31. Kf2 a5 32. Nxa5 Ra8 33. b4
Kg7 34. Ke3 Kf6 35. f4 Ke7 36. Kd4 Kd7 37. e5 f6 38. e6+ Kc7 39. Rg1 g5 40.
fxg5 hxg5 41. h4 Rg8 42. hxg5 fxg5 43. Rf1 g4 44. e7 g3 45. e8=Q Rxe8 46. Rf7+
Kc8 47. Rg7 Re2 48. Rxg3 Rxc2 49. Rc3+ Rxc3 50. Kxc3 Kc7 51. Kd4 Kb6 52. Ke4
Ka6 53. Kf5 Kb6 54. Ke6 Kc7 55. Ke7 Kc8 56. Kxd6 Kd8 57. Kc6 Kc8 58. d6 Kd8 59.
Nb7+ Ke8 60. d7+ Kf7 61. d8=Q Ke6 62. Qe8+ Kf6 63. Kd6 Kf5 64. Qe5+ Kg4 65. Qf6
Kg3 66. Qf5 Kh4 67. Qg6 Kh3 68. Ke5 Kh4 69. Kf4 Kh3 70. Qg3# 1-0